L'education morale dès le berceau (Record no. 161762)
[ view plain ]
| 000 -LEADER | |
|---|---|
| campo de control de longitud fija | 00820nam a22002175i 4500 |
| 001 - NÚMERO DE CONTROL | |
| campo de control | 161762 |
| 003 - IDENTIFICADOR DE NÚMERO DE CONTROL | |
| campo de control | ES-MaACL |
| 005 - FECHA Y HORA DE LA ÚLTIMA TRANSACCIÓN | |
| campo de control | 20230906212344.0 |
| 008 - DATOS DE LONGITUD FIJA--INFORMACIÓN GENERAL | |
| campo de control de longitud fija | 020905s1888 fr |||| | fre d |
| 040 ## - FUENTE DE CATALOGACIÓN | |
| Centro catalogador/agencia de origen | CCPB | B |
| Lengua de catalogación | spa |
| Centro/agencia transcriptor | CCPB | B |
| 100 1# - ENTRADA PRINCIPAL--NOMBRE DE PERSONA | |
| Nombre de persona | Pérez, Bernard. |
| 9 (RLIN) | 90560 |
| 245 12 - MENCIÓN DEL TÍTULO | |
| Título | L'education morale dès le berceau |
| Resto del título | : essai de psychologie appliquée / |
| Mención de responsabilidad, etc. | par Bernard Pérez. |
| 250 ## - MENCION DE EDICION | |
| Mención de edición | 2ème éd., entièrement refondue. |
| 260 ## - PUBLICACIÓN, DISTRIBUCIÓN, ETC. | |
| Lugar de publicación, distribución, etc. | Paris : |
| Nombre del editor, distribuidor, etc. | ancienne Librairie Germen Bailliere et C\pie\s, Félix Alcan, éditeur, |
| Fecha de publicación, distribución, etc. | 1888 ( |
| Lugar de fabricación/manufactura | Tours : |
| Fabricante | Imprimerie E. Arrault et C\pie\s) |
| 300 ## - DESCRIPCIÓN FÍSICA | |
| Extensión | XXIV, 320 p. ; |
| Dimensiones | 21 cm. |
| 600 04 - PUNTO DE ACCESO ADICIONAL DE MATERIA--NOMBRE DE PERSONA | |
| Nombre de persona | Sócrates- |
| Subdivisión general | Pensamiento filosófico. |
| 9 (RLIN) | 223531 |
| 752 ## - ENTRADA AGREGADA--NOMBRE JERÁRQUICO DEL LUGAR | |
| País o entidad superior | Francia - |
| Ciudad | París |
| 752 ## - ENTRADA AGREGADA--NOMBRE JERÁRQUICO DEL LUGAR | |
| País o entidad superior | Francia - |
| Ciudad | Tours |
| 852 ## - LOCALIZACIÓN | |
| Ubicación | ES-MaACL |
| Número de control de estantería | B-7017 |
| Nota libre | -- Enc. pasta |
| Estatus retirado | Estado de pérdida | Estado de daño | No para préstamo | Colección | Biblioteca de origen | Biblioteca actual | Ubicación en estantería | Fecha de adquisición | Fuente de adquisición | Total de préstamos | Signatura topográfica completa | Código de barras | Visto por última vez | Precio de reemplazo | Tipo de ítem Koha |
|---|---|---|---|---|---|---|---|---|---|---|---|---|---|---|---|
| Libros del s. XIX | Biblioteca del Ateneo de Madrid | Biblioteca del Ateneo de Madrid | Sala Pardo Bazán | 17/01/2008 | B-7017 | 1169446 | 23/02/2023 | 23/02/2023 | Libro impreso antiguo |
